[Event "Club 608 Online 1 - Open B (-1600)"]
[Date "2021.04.10"]
[Round "2.1"]
[White "Bonnet, Lucas"]
[Black "Yastrebov, Andrey"]
[Result "0-1"]
[BlackCountry "FRA"]
[BlackElo "1442"]
[BlackFideId "551041936"]
[WhiteElo "1199"]

{Clock started by Black.} 1. d4 {[%clk 0:50:06.5]} Nf6 {[%clk 0:50:01.5]} 2. c4 {[%clk 0:50:05.4]} g6 {[%clk 0:49:56.6]} 3. Nc3 {[%clk 0:50:00.7]} Bg7 {[%clk 0:49:59.2]} 4. Bf4 {[%clk 0:49:50.4]} d6 {[%clk 0:49:56.1]} 5. Nf3 {[%clk 0:49:31.0]} Bf5 {[%clk 0:49:24.5]} 6. Qb3 {[%clk 0:48:59.6]} b6 {[%clk 0:46:32.0]} 7. Rd1 {[%clk 0:46:07.7]} 0-0 {[%clk 0:45:31.9]} 8. e3 {[%clk 0:45:52.1]} Ne4 {[%clk 0:44:51.9]} 9. Nxe4 {[%clk 0:45:41.4]} Bxe4 {[%clk 0:44:56.1]} 10. Ng5 {[%clk 0:45:40.4]} Bb7 {[%clk 0:44:41.4]} 11. c5 {[%clk 0:45:24.8]} Qc8 {[%clk 0:43:44.9]} 12. Bc4 {[%clk 0:45:04.1]} e6 {[%clk 0:41:52.9]} 13. Nxe6 {[%clk 0:44:50.3]} d5 {[%clk 0:40:56.8]} 14. Bxd5 {[%clk 0:44:22.8]} Bxd5 {[%clk 0:40:58.3]} 15. Qxd5 {[%clk 0:44:29.2]} c6 {[%clk 0:41:01.2]} 16. Qe4 {[%clk 0:40:43.8]} Qxe6 {[%clk 0:40:50.2]} 17. Qxe6 {[%clk 0:40:09.7]} fxe6 {[%clk 0:40:44.4]} 18. 0-0 {[%clk 0:40:09.7]} Nd7 {[%clk 0:40:20.8]} 19. Bd6 {[%clk 0:39:46.8]} Rfc8 {[%clk 0:39:52.9]} 20. f4 {[%clk 0:38:51.6]} Nf6 {[%clk 0:39:34.2]} 21. h3 {[%clk 0:37:52.9]} Bf8 {[%clk 0:38:32.5]} 22. Be5 {[%clk 0:37:50.9]} Kf7 {[%clk 0:38:32.4]} 23. b4 {[%clk 0:37:19.0]} Nd5 {[%clk 0:38:30.8]} 24. Rf3 {[%clk 0:36:16.4]} Nxb4 {[%clk 0:37:08.6]} 25. a3 {[%clk 0:35:58.4]} Na6 {[%clk 0:36:48.1]} 26. e4 {[%clk 0:34:42.4]} bxc5 {[%clk 0:36:46.7]} 27. f5 {[%clk 0:34:24.5]} Be7 {[%clk 0:35:28.1]} 28. fxe6+ {[%clk 0:33:31.3]} Kxe6 {[%clk 0:35:30.7]} 29. Kh1 {[%clk 0:29:31.0]} Rf8 {[%clk 0:35:26.4]} 30. Rb3 {[%clk 0:28:49.4]} cxd4 {[%clk 0:35:12.9]} 31. Bxd4 {[%clk 0:28:43.9]} Rad8 {[%clk 0:34:41.6]} 32. Rbd3 {[%clk 0:27:43.2]} c5 {[%clk 0:34:19.3]} 33. Bg7 {[%clk 0:26:39.8]} Rf1+ {[%clk 0:34:03.9]} 34. Rxf1 {[%clk 0:26:09.8]} Rxd3 {[%clk 0:33:56.0]} 35. a4 {[%clk 0:26:03.6]} Re3 {[%clk 0:32:44.4]} 36. e5 {[%clk 0:25:41.1]} c4 {[%clk 0:32:46.0]} 37. Rc1 {[%clk 0:23:55.3]} c3 {[%clk 0:32:37.7]} 38. Kg1 {[%clk 0:23:10.8]} Bh4 {[%clk 0:32:39.8]} 39. Kf1 {[%clk 0:23:08.8]} c2 {[%clk 0:32:43.3]} 40. Bh6 {[%clk 0:22:38.3]} g5 {[%clk 0:32:34.9]} 41. Bf8 {[%clk 0:22:06.8]} Re1+ {[%clk 0:32:09.7]} 42. Rxe1 {[%clk 0:22:14.2]} Bxe1 {[%clk 0:32:16.7]} 43. Kxe1 {[%clk 0:22:23.1]} c1=Q+ {[%clk 0:32:22.8]} {White Resigned} 0-1

[Event "Club 608 Online 1 - Open C (-1200)"]
[Date "2021.04.10"]
[Round "2.2"]
[White "Béranger, Louise"]
[Black "Pablo, Aubert"]
[Result "0-1"]
[BlackElo "1199"]
[WhiteElo "1009"]

1. e4 {[%clk 0:50:10.0]} e6 {[%clk 0:50:04.0]} 2. Nf3 {[%clk 0:50:13.6]} d5 {[%clk 0:49:51.0]} 3. Nc3 {[%clk 0:50:06.1]} Bb4 {[%clk 0:48:00.3]} 4. Bb5+ {[%clk 0:50:04.1]} c6 {[%clk 0:47:03.9]} 5. Ba4 {[%clk 0:48:26.4]} Ne7 {[%clk 0:42:10.9]} 6. 0-0 {[%clk 0:45:36.9]} Qc7 {[%clk 0:39:36.4]} 7. a3 {[%clk 0:43:30.3]} Bxc3 {[%clk 0:38:18.2]} 8. dxc3 {[%clk 0:39:04.3]} dxe4 {[%clk 0:37:40.0]} 9. Ng5 {[%clk 0:36:05.4]} b5 {[%clk 0:35:19.5]} 10. Bb3 {[%clk 0:34:13.9]} Bb7 {[%clk 0:31:30.4]} 11. Nxe4 {[%clk 0:30:24.0]} c5 {[%clk 0:31:18.3]} 12. Bg5 {[%clk 0:28:52.2]} Bxe4 {[%clk 0:30:17.4]} 13. Qe1 {[%clk 0:26:19.6]} Bf5 {[%clk 0:29:16.4]} 14. Rd1 {[%clk 0:23:43.2]} c4 {[%clk 0:28:19.3]} 15. Ba2 {[%clk 0:23:16.1]} 0-0 {[%clk 0:26:07.2]} 16. b3 {[%clk 0:18:07.9]} Bxc2 {[%clk 0:23:55.4]} 17. Rc1 {[%clk 0:17:00.9]} cxb3 {[%clk 0:21:35.2]} 18. Bb1 {[%clk 0:15:31.2]} Nbc6 {[%clk 0:20:33.8]} 19. Rxc2 {[%clk 0:13:32.4]} bxc2 {[%clk 0:20:36.3]} 20. Bxc2 {[%clk 0:13:36.5]} Ne5 {[%clk 0:17:43.9]} 21. Qe4 {[%clk 0:13:25.9]} N7g6 {[%clk 0:17:06.8]} 22. f4 {[%clk 0:11:53.9]} f5 {[%clk 0:15:55.9]} 23. Qe1 {[%clk 0:11:18.8]} Qb6+ {[%clk 0:14:08.1]} 24. Kh1 {[%clk 0:11:06.0]} Nc4 {[%clk 0:12:55.0]} 25. a4 {[%clk 0:10:51.5]} Ne3 {[%clk 0:11:09.1]} 26. Bd3 {[%clk 0:10:19.6]} Nxf1 {[%clk 0:10:51.8]} 27. Qxf1 {[%clk 0:10:10.1]} Rad8 {[%clk 0:10:49.6]} 28. Bc4 {[%clk 0:10:10.0]} Rd2 {[%clk 0:10:29.0]} 29. axb5 {[%clk 0:10:06.1]} Qd6 {[%clk 0:09:26.1]} 30. Qe1 {[%clk 0:09:53.3]} Rd1 {[%clk 0:09:23.8]} 31. h3 {[%clk 0:09:43.4]} Rxe1+ {[%clk 0:09:28.5]} 32. Kh2 {[%clk 0:09:20.1]} h6 {[%clk 0:09:21.2]} 33. Bh4 {[%clk 0:09:13.5]} Qxf4+ {[%clk 0:09:27.8]} 34. Bg3 {[%clk 0:09:14.8]} Qxc4 {[%clk 0:09:14.5]} 35. Bxe1 {[%clk 0:09:19.3]} Nf4 {[%clk 0:08:57.4]} 36. Bf2 {[%clk 0:09:21.5]} Qf1 {[%clk 0:08:34.1]} 37. Kg3 {[%clk 0:09:06.6]} g5 {[%clk 0:08:32.4]} 38. c4 {[%clk 0:09:03.1]} Qxg2# {[%clk 0:08:33.0]} 0-1

[Event "Club 608 Online 1 - Open A (-2200)"]
[Date "2021.04.10"]
[Round "2.2"]
[White "Delin, Valère"]
[Black "Vu Dinh, Adrien"]
[Result "0-1"]
[BlackElo "1816"]
[WhiteElo "2049"]

{Clock started by Black.} 1. e4 {[%clk 0:50:06.0]} e5 {[%clk 0:50:05.2]} 2. Nf3 {[%clk 0:50:14.4]} Nc6 {[%clk 0:50:11.6]} 3. Bb5 {[%clk 0:50:22.9]} a6 {[%clk 0:50:04.1]} 4. Ba4 {[%clk 0:49:58.6]} Nf6 {[%clk 0:49:59.5]} 5. 0-0 {[%clk 0:50:01.1]} Bc5 {[%clk 0:49:47.7]} 6. c3 {[%clk 0:49:52.5]} 0-0 {[%clk 0:49:51.4]} 7. d4 {[%clk 0:49:55.1]} Ba7 {[%clk 0:49:45.6]} 8. Bg5 {[%clk 0:48:46.2]} exd4 {[%clk 0:49:50.2]} 9. e5 {[%clk 0:48:08.7]} h6 {[%clk 0:49:54.8]} 10. exf6 {[%clk 0:48:13.2]} hxg5 {[%clk 0:49:59.2]} 11. fxg7 {[%clk 0:48:18.5]} Kxg7 {[%clk 0:50:05.5]} 12. cxd4 {[%clk 0:48:25.0]} d5 {[%clk 0:48:53.7]} 13. Nc3 {[%clk 0:47:16.1]} Be6 {[%clk 0:48:35.2]} 14. Rc1 {[%clk 0:43:49.3]} g4 {[%clk 0:47:27.4]} 15. Bxc6 {[%clk 0:42:06.8]} bxc6 {[%clk 0:47:31.4]} 16. Ne5 {[%clk 0:42:12.0]} Qf6 {[%clk 0:46:38.9]} 17. Nxc6 {[%clk 0:41:47.4]} Bb6 {[%clk 0:46:16.1]} 18. Na4 {[%clk 0:40:45.1]} Rh8 {[%clk 0:45:54.4]} 19. g3 {[%clk 0:28:00.5]} Rxh2 {[%clk 0:44:29.2]} 20. f4 {[%clk 0:26:20.3]} Qh6 {[%clk 0:42:12.8]} 21. Qd3 {[%clk 0:23:45.2]} Re8 {[%clk 0:37:45.6]} 22. Ne5 {[%clk 0:20:50.1]} Qh3 {[%clk 0:36:25.0]} {White Resigned} 0-1

[Event "Club 608 Online 1 - Open B (-1600)"]
[Date "2021.04.10"]
[Round "2.2"]
[White "Alidis, Myron"]
[Black "Maurel, Thibaud"]
[Result "1-0"]
[BlackElo "1256"]
[WhiteElo "1439"]

1. e4 {[%clk 0:50:10.0]} c5 {[%clk 0:50:04.3]} 2. Nf3 {[%clk 0:50:17.7]} e6 {[%clk 0:50:06.6]} 3. d4 {[%clk 0:50:26.1]} cxd4 {[%clk 0:50:10.9]} 4. Nxd4 {[%clk 0:50:34.4]} Nc6 {[%clk 0:49:45.9]} 5. Nc3 {[%clk 0:50:36.3]} a6 {[%clk 0:49:23.3]} 6. a4 {[%clk 0:50:38.6]} Bc5 {[%clk 0:49:13.2]} 7. Be3 {[%clk 0:50:44.3]} Qb6 {[%clk 0:48:55.3]} 8. a5 {[%clk 0:50:21.5]} Qxb2 {[%clk 0:48:34.9]} 9. Na4 {[%clk 0:50:17.4]} Bb4+ {[%clk 0:47:49.2]} 10. Ke2 {[%clk 0:50:23.0]} Nxd4+ {[%clk 0:46:48.5]} 11. Bxd4 {[%clk 0:50:27.0]} Qxa1 {[%clk 0:46:46.5]} 12. Qxa1 {[%clk 0:50:30.4]} f6 {[%clk 0:46:51.7]} 13. Nb6 {[%clk 0:50:33.7]} Rb8 {[%clk 0:46:58.2]} 14. c3 {[%clk 0:50:37.2]} Be7 {[%clk 0:47:03.7]} 15. Kd2 {[%clk 0:50:20.8]} d5 {[%clk 0:47:06.2]} 16. exd5 {[%clk 0:50:26.3]} e5 {[%clk 0:47:10.4]} 17. Qa4+ {[%clk 0:50:25.1]} Kf7 {[%clk 0:47:13.7]} 18. Bc4 {[%clk 0:50:16.2]} Kf8 {[%clk 0:47:13.3]} 19. d6 {[%clk 0:50:08.1]} exd4 {[%clk 0:47:10.3]} 20. d7 {[%clk 0:50:02.4]} dxc3+ {[%clk 0:47:16.2]} 21. Kc2 {[%clk 0:50:03.0]} Bc5 {[%clk 0:47:05.3]} 22. d8=Q# {[%clk 0:50:06.0]} 1-0

[Event "Club 608 Online 1 - Open C (-1200)"]
[Date "2021.04.10"]
[Round "2.3"]
[White "Campan, Antoine"]
[Black "Descombes, Maëlle"]
[Result "1-0"]
[BlackElo "1099"]
[WhiteElo "1009"]

{Clock started by Black.} 1. e4 {[%clk 0:49:51.7]} e5 {[%clk 0:50:01.7]} 2. Nf3 {[%clk 0:49:52.8]} Nc6 {[%clk 0:49:44.6]} 3. d4 {[%clk 0:49:40.6]} exd4 {[%clk 0:49:33.5]} 4. Nxd4 {[%clk 0:49:46.3]} Nxd4 {[%clk 0:49:07.3]} 5. Qxd4 {[%clk 0:49:49.7]} Nf6 {[%clk 0:48:46.0]} 6. Nc3 {[%clk 0:49:41.9]} Be7 {[%clk 0:47:54.8]} 7. Be2 {[%clk 0:49:24.5]} c5 {[%clk 0:47:37.4]} 8. Qd3 {[%clk 0:48:37.9]} Qa5 {[%clk 0:47:11.7]} 9. Bd2 {[%clk 0:48:30.1]} 0-0 {[%clk 0:46:45.6]} 10. Nd5 {[%clk 0:48:27.4]} Qd8 {[%clk 0:45:11.8]} 11. 0-0 {[%clk 0:47:40.7]} a6 {[%clk 0:44:11.6]} 12. Qg3 {[%clk 0:46:58.8]} Nxe4 {[%clk 0:43:40.8]} 13. Nxe7+ {[%clk 0:46:35.2]} Qxe7 {[%clk 0:43:25.4]} 14. Qd3 {[%clk 0:46:13.5]} Nd6 {[%clk 0:42:46.1]} 15. Bc3 {[%clk 0:45:57.1]} c4 {[%clk 0:41:15.8]} 16. Qg3 {[%clk 0:45:48.5]} f6 {[%clk 0:39:42.9]} 17. Rfe1 {[%clk 0:44:40.6]} Qf7 {[%clk 0:38:56.2]} 18. f3 {[%clk 0:43:55.8]} Nf5 {[%clk 0:38:38.2]} 19. Qf4 {[%clk 0:42:50.5]} Qg6 {[%clk 0:38:24.6]} 20. Bxc4+ {[%clk 0:42:21.8]} Rf7 {[%clk 0:37:47.2]} 21. Re8# {[%clk 0:42:09.9]} 1-0

[Event "Club 608 Online 1 - Open A (-2200)"]
[Date "2021.04.10"]
[Round "2.3"]
[White "Sabapathee, Florian"]
[Black "Matsumura, Cocoro"]
[Result "0-1"]
[BlackElo "1924"]
[WhiteCountry "FRA"]
[WhiteElo "1477"]
[WhiteFideId "45195951"]

{Clock started by White.} 1. c4 {[%clk 0:50:03.7]} Nf6 {[%clk 0:41:14.3]} 2. g3 {[%clk 0:49:55.6]} e5 {[%clk 0:41:07.0]} 3. Bg2 {[%clk 0:50:01.5]} d5 {[%clk 0:40:44.5]} 4. cxd5 {[%clk 0:50:06.6]} Nxd5 {[%clk 0:40:51.4]} 5. Nc3 {[%clk 0:50:13.3]} Nb6 {[%clk 0:40:53.1]} 6. Nf3 {[%clk 0:50:18.8]} Nc6 {[%clk 0:40:59.9]} 7. 0-0 {[%clk 0:50:24.1]} Be7 {[%clk 0:41:04.8]} 8. a3 {[%clk 0:50:31.5]} 0-0 {[%clk 0:41:01.5]} 9. b4 {[%clk 0:50:38.7]} f6 {[%clk 0:40:51.4]} 10. d3 {[%clk 0:46:42.8]} Be6 {[%clk 0:40:52.4]} 11. Be3 {[%clk 0:45:39.1]} Qd7 {[%clk 0:38:38.3]} 12. Ne4 {[%clk 0:45:26.9]} Nd5 {[%clk 0:36:52.7]} 13. Bc5 {[%clk 0:45:22.6]} b6 {[%clk 0:35:53.4]} 14. Bxe7 {[%clk 0:45:28.0]} Ncxe7 {[%clk 0:35:52.7]} 15. Rc1 {[%clk 0:45:18.3]} a5 {[%clk 0:34:47.3]} 16. Qd2 {[%clk 0:41:23.4]} axb4 {[%clk 0:34:29.6]} 17. axb4 {[%clk 0:41:29.5]} Nc6 {[%clk 0:33:29.2]} 18. b5 {[%clk 0:40:24.4]} Nd4 {[%clk 0:30:43.3]} 19. Nxd4 {[%clk 0:40:25.8]} exd4 {[%clk 0:30:48.9]} 20. Qb2 {[%clk 0:40:04.6]} Ra7 {[%clk 0:28:56.0]} 21. Rc6 {[%clk 0:38:17.4]} Ne7 {[%clk 0:27:21.0]} 22. Rcc1 {[%clk 0:37:24.6]} Ra2 {[%clk 0:26:38.4]} 23. Qb4 {[%clk 0:37:15.3]} Rxe2 {[%clk 0:25:08.3]} 24. Rfe1 {[%clk 0:37:11.6]} Rxe1+ {[%clk 0:24:48.7]} 25. Rxe1 {[%clk 0:37:16.9]} Rd8 {[%clk 0:24:09.2]} 26. Nd2 {[%clk 0:37:14.5]} Kf7 {[%clk 0:22:09.3]} 27. f4 {[%clk 0:34:31.3]} Nd5 {[%clk 0:21:06.1]} 28. Qxd4 {[%clk 0:33:09.3]} Qxb5 {[%clk 0:20:08.0]} 29. Qe4 {[%clk 0:32:30.0]} Qd7 {[%clk 0:19:58.9]} 30. Qxh7 {[%clk 0:32:32.4]} Bf5 {[%clk 0:19:48.4]} 31. Qh5+ {[%clk 0:32:14.3]} Bg6 {[%clk 0:19:52.4]} 32. Bxd5+ {[%clk 0:32:02.1]} Qxd5 {[%clk 0:19:57.6]} 33. Qxd5+ {[%clk 0:32:07.7]} Rxd5 {[%clk 0:20:06.2]} 34. Rc1 {[%clk 0:32:13.1]} c5 {[%clk 0:20:01.3]} 35. Rb1 {[%clk 0:31:16.3]} Rxd3 {[%clk 0:19:27.9]} 36. Nc4 {[%clk 0:31:21.5]} Rd4 {[%clk 0:19:24.0]} 37. Rc1 {[%clk 0:31:23.4]} b5 {[%clk 0:19:20.3]} 38. Na3 {[%clk 0:31:22.7]} b4 {[%clk 0:18:43.1]} 39. Nb5 {[%clk 0:31:03.2]} Rd5 {[%clk 0:18:45.1]} 40. Nc7 {[%clk 0:31:07.3]} Rd2 {[%clk 0:18:29.4]} 41. Na6 {[%clk 0:30:33.9]} b3 {[%clk 0:18:16.2]} 42. Rxc5 {[%clk 0:30:12.0]} b2 {[%clk 0:18:01.0]} 43. Rc7+ {[%clk 0:30:05.8]} Kg8 {[%clk 0:18:05.8]} 44. Rc8+ {[%clk 0:30:08.9]} Kh7 {[%clk 0:18:12.4]} 45. Rb8 {[%clk 0:30:01.6]} b1=Q+ {[%clk 0:18:17.8]} 46. Rxb1 {[%clk 0:30:08.1]} Bxb1 {[%clk 0:18:26.1]} 47. Nc5 {[%clk 0:30:13.0]} Bf5 {[%clk 0:18:25.7]} 48. Nb3 {[%clk 0:30:19.2]} Rb2 {[%clk 0:18:22.1]} 49. Nd4 {[%clk 0:30:26.4]} Be4 {[%clk 0:18:19.8]} 50. f5 {[%clk 0:30:25.2]} Rg2+ {[%clk 0:18:19.9]} 51. Kf1 {[%clk 0:30:28.0]} Rxh2 {[%clk 0:18:22.1]} {White Resigned} 0-1

[Event "Club 608 Online 1 - Open B (-1600)"]
[Date "2021.04.10"]
[Round "2.3"]
[White "Solal, Seiler-sar"]
[Black "Guillou, Paul"]
[Result "1-0"]
[BlackCountry "FRA"]
[BlackElo "1157"]
[BlackFideId "551031140"]
[WhiteElo "1416"]

{Clock started by White.} 1. e4 {[%clk 0:50:07.2]} e5 {[%clk 0:50:08.2]} 2. Nf3 {[%clk 0:50:15.2]} Nc6 {[%clk 0:50:16.8]} 3. Bc4 {[%clk 0:50:22.4]} Bc5 {[%clk 0:50:23.3]} 4. c3 {[%clk 0:50:28.8]} d6 {[%clk 0:50:26.3]} 5. d4 {[%clk 0:49:37.8]} exd4 {[%clk 0:50:32.7]} 6. cxd4 {[%clk 0:49:45.3]} Bb4+ {[%clk 0:50:39.5]} 7. Bd2 {[%clk 0:49:42.1]} Bxd2+ {[%clk 0:50:47.1]} 8. Nbxd2 {[%clk 0:49:14.7]} Nge7 {[%clk 0:50:44.4]} 9. h3 {[%clk 0:48:47.8]} Na5 {[%clk 0:50:45.3]} 10. Bd3 {[%clk 0:48:12.7]} 0-0 {[%clk 0:49:04.4]} 11. 0-0 {[%clk 0:47:54.5]} Ng6 {[%clk 0:48:56.4]} 12. d5 {[%clk 0:45:25.7]} b6 {[%clk 0:48:55.9]} 13. b4 {[%clk 0:45:20.6]} Nb7 {[%clk 0:49:01.4]} 14. Nd4 {[%clk 0:44:56.0]} Qg5 {[%clk 0:48:53.5]} 15. N2f3 {[%clk 0:44:22.5]} Qh5 {[%clk 0:48:54.9]} 16. Qd2 {[%clk 0:43:16.9]} h6 {[%clk 0:46:38.1]} 17. Nb5 {[%clk 0:38:49.2]} Bxh3 {[%clk 0:46:27.6]} 18. gxh3 {[%clk 0:38:44.2]} Qxh3 {[%clk 0:46:33.6]} 19. Nh2 {[%clk 0:38:33.7]} Nh4 {[%clk 0:46:38.6]} 20. f3 {[%clk 0:38:25.9]} f5 {[%clk 0:45:47.2]} 21. Nxc7 {[%clk 0:37:09.7]} Rf6 {[%clk 0:44:45.9]} 22. Rf2 {[%clk 0:30:06.1]} Rg6+ {[%clk 0:44:39.2]} 23. Kh1 {[%clk 0:30:12.0]} Rc8 {[%clk 0:44:24.9]} 24. Ne6 {[%clk 0:29:15.9]} Qg3 {[%clk 0:40:53.0]} 25. exf5 {[%clk 0:27:31.8]} Rf6 {[%clk 0:40:54.0]} 26. Rg1 {[%clk 0:27:28.9]} Qe5 {[%clk 0:39:23.3]} 27. Ng4 {[%clk 0:26:34.0]} Qd4 {[%clk 0:39:21.0]} {Black Resigned} 1-0

[Event "Club 608 Online 1 - Open C (-1200)"]
[Date "2021.04.10"]
[Round "2.4"]
[White "Krebs, Ronan"]
[Black "92270, Anais"]
[Result "0-1"]
[BlackElo "1009"]
[WhiteElo "1099"]

{Clock started by Black.} 1. e4 {[%clk 0:49:28.0]} e5 {[%clk 0:50:07.7]} 2. Nf3 {[%clk 0:49:36.1]} Nc6 {[%clk 0:50:15.4]} 3. Bc4 {[%clk 0:49:43.6]} Be7 {[%clk 0:50:18.9]} 4. d3 {[%clk 0:49:47.8]} Nf6 {[%clk 0:50:25.9]} 5. Ng5 {[%clk 0:49:51.3]} 0-0 {[%clk 0:50:28.3]} 6. 0-0 {[%clk 0:49:55.0]} d5 {[%clk 0:50:27.7]} 7. exd5 {[%clk 0:49:57.2]} Nxd5 {[%clk 0:50:35.4]} 8. Nf3 {[%clk 0:49:59.2]} Bg4 {[%clk 0:50:32.6]} 9. Nc3 {[%clk 0:49:54.1]} Nf4 {[%clk 0:50:23.2]} 10. Bxf4 {[%clk 0:49:44.5]} exf4 {[%clk 0:50:29.9]} 11. h3 {[%clk 0:49:48.2]} Bh5 {[%clk 0:50:32.5]} 12. g4 {[%clk 0:49:52.8]} Bg6 {[%clk 0:50:38.1]} 13. Nd5 {[%clk 0:49:36.5]} Bh4 {[%clk 0:50:20.4]} 14. Qe2 {[%clk 0:49:18.0]} Re8 {[%clk 0:50:06.4]} 15. Qd2 {[%clk 0:49:02.7]} Ne5 {[%clk 0:49:15.9]} 16. Nxe5 {[%clk 0:48:48.1]} Rxe5 {[%clk 0:49:17.5]} 17. Nxf4 {[%clk 0:48:38.8]} Bg5 {[%clk 0:48:09.5]} 18. h4 {[%clk 0:48:14.2]} Bxh4 {[%clk 0:47:48.4]} 19. Nxg6 {[%clk 0:48:17.3]} hxg6 {[%clk 0:47:54.5]} 20. Qf4 {[%clk 0:48:09.9]} Re7 {[%clk 0:47:30.3]} 21. Rae1 {[%clk 0:47:58.9]} Rxe1 {[%clk 0:47:17.7]} 22. Qxf7+ {[%clk 0:47:56.5]} Kh8 {[%clk 0:47:01.9]} 23. Rxe1 {[%clk 0:47:59.0]} Kh7 {[%clk 0:46:41.3]} 24. Re3 {[%clk 0:47:11.5]} Qf8 {[%clk 0:46:28.0]} 25. Qxf8 {[%clk 0:47:03.5]} Rxf8 {[%clk 0:46:28.5]} 26. Rh3 {[%clk 0:47:05.6]} g5 {[%clk 0:46:28.8]} 27. Rh2 {[%clk 0:46:48.6]} Kg6 {[%clk 0:46:00.5]} 28. d4 {[%clk 0:46:46.1]} Rf4 {[%clk 0:45:30.5]} 29. Bd3+ {[%clk 0:46:39.7]} Kf6 {[%clk 0:45:22.0]} 30. Rg2 {[%clk 0:46:28.0]} Rxd4 {[%clk 0:44:58.3]} 31. f3 {[%clk 0:46:15.0]} Be1 {[%clk 0:44:44.4]} 32. Re2 {[%clk 0:45:47.2]} Ba5 {[%clk 0:44:30.7]} 33. a3 {[%clk 0:45:15.4]} Bb6 {[%clk 0:44:32.5]} 34. Be4 {[%clk 0:44:55.3]} Rxe4+ {[%clk 0:44:22.0]} 35. Rf2 {[%clk 0:44:56.2]} Bxf2+ {[%clk 0:44:14.8]} 36. Kxf2 {[%clk 0:44:56.6]} Rc4 {[%clk 0:44:11.5]} 37. c3 {[%clk 0:45:00.3]} Rc6 {[%clk 0:43:54.5]} 38. Ke3 {[%clk 0:44:57.3]} Re6+ {[%clk 0:43:55.4]} 39. Kd4 {[%clk 0:44:57.3]} Re2 {[%clk 0:43:42.7]} 40. b4 {[%clk 0:45:02.3]} Ra2 {[%clk 0:43:39.8]} 41. b5 {[%clk 0:44:55.2]} Rxa3 {[%clk 0:43:43.4]} 42. Kc4 {[%clk 0:45:02.3]} Ke5 {[%clk 0:43:34.5]} 43. Kb4 {[%clk 0:45:03.9]} Ra1 {[%clk 0:43:42.4]} 44. c4 {[%clk 0:45:11.3]} Rf1 {[%clk 0:43:46.0]} 45. c5 {[%clk 0:45:16.2]} Rxf3 {[%clk 0:43:41.8]} 46. Ka5 {[%clk 0:45:20.5]} b6+ {[%clk 0:43:33.6]} 47. cxb6 {[%clk 0:45:23.5]} cxb6+ {[%clk 0:43:39.8]} 48. Ka6 {[%clk 0:45:29.8]} Ra3+ {[%clk 0:43:46.7]} 49. Kb7 {[%clk 0:45:36.8]} Kf4 {[%clk 0:43:54.5]} 50. Kc6 {[%clk 0:45:35.5]} Kxg4 {[%clk 0:44:02.2]} 51. Kb7 {[%clk 0:45:43.1]} Kf4 {[%clk 0:44:09.7]} 52. Kc6 {[%clk 0:45:49.0]} g4 {[%clk 0:44:18.1]} 53. Kc7 {[%clk 0:45:50.8]} g3 {[%clk 0:44:24.5]} 54. Kc6 {[%clk 0:45:59.2]} g2 {[%clk 0:44:32.5]} 55. Kb7 {[%clk 0:46:06.9]} g1=Q {[%clk 0:44:39.9]} 56. Kc6 {[%clk 0:46:03.9]} Qc5+ {[%clk 0:44:44.7]} 57. Kb7 {[%clk 0:46:04.4]} Qxb5 {[%clk 0:44:41.7]} 58. Kc7 {[%clk 0:46:04.0]} Rc3+ {[%clk 0:44:35.5]} 59. Kb7 {[%clk 0:46:09.6]} Qc6+ {[%clk 0:44:31.5]} 60. Ka6 {[%clk 0:45:50.8]} Ra3# {[%clk 0:44:38.3]} 0-1

[Event "Club 608 Online 1 - Open A (-2200)"]
[Date "2021.04.10"]
[Round "2.4"]
[White "Raux, Samuel"]
[Black "Thevenon, Thomas"]
[Result "1-0"]
[BlackCountry "FRA"]
[BlackElo "1632"]
[BlackFideId "551008645"]
[WhiteElo "1761"]

1. d4 {[%clk 0:50:10.0]} d6 {[%clk 0:49:57.1]} 2. Nf3 {[%clk 0:49:52.1]} Nf6 {[%clk 0:50:03.2]} 3. c4 {[%clk 0:49:52.4]} Bf5 {[%clk 0:49:53.1]} 4. Nc3 {[%clk 0:49:08.4]} Nbd7 {[%clk 0:49:53.2]} 5. Nh4 {[%clk 0:46:20.6]} Bg6 {[%clk 0:49:26.7]} 6. Nxg6 {[%clk 0:43:12.0]} hxg6 {[%clk 0:49:31.5]} 7. Qb3 {[%clk 0:42:16.5]} Qc8 {[%clk 0:48:20.5]} 8. Bg5 {[%clk 0:39:31.8]} c5 {[%clk 0:46:15.7]} 9. e3 {[%clk 0:39:23.9]} Nh5 {[%clk 0:44:08.1]} 10. Bd3 {[%clk 0:36:10.3]} Qc7 {[%clk 0:43:08.1]} 11. Qb5 {[%clk 0:30:23.0]} a6 {[%clk 0:35:46.4]} 12. Nd5 {[%clk 0:29:01.4]} Qb8 {[%clk 0:28:43.8]} 13. Qa4 {[%clk 0:27:33.9]} Qd8 {[%clk 0:26:24.6]} 14. 0-0 {[%clk 0:23:14.2]} Nf6 {[%clk 0:26:11.2]} 15. dxc5 {[%clk 0:20:11.6]} Nxd5 {[%clk 0:21:06.8]} 16. cxd5 {[%clk 0:20:09.5]} dxc5 {[%clk 0:21:11.9]} 17. Rad1 {[%clk 0:17:20.2]} b5 {[%clk 0:20:57.3]} 18. Qc2 {[%clk 0:17:23.7]} c4 {[%clk 0:15:10.8]} 19. Bxg6 {[%clk 0:14:54.7]} Ne5 {[%clk 0:14:50.0]} 20. Be4 {[%clk 0:09:23.6]} Qd6 {[%clk 0:13:53.2]} 21. Bf4 {[%clk 0:08:35.7]} g6 {[%clk 0:12:20.6]} 22. Qc3 {[%clk 0:07:10.6]} Bg7 {[%clk 0:12:22.5]} 23. Qd2 {[%clk 0:04:55.4]} Rd8 {[%clk 0:10:41.6]} 24. Bg3 {[%clk 0:04:40.3]} e6 {[%clk 0:09:51.1]} 25. f4 {[%clk 0:04:27.2]} Ng4 {[%clk 0:08:05.3]} 26. Qe2 {[%clk 0:04:09.9]} Qc5 {[%clk 0:07:15.5]} 27. Kh1 {[%clk 0:02:31.4]} Qxe3 {[%clk 0:07:07.3]} 28. Qxg4 {[%clk 0:02:28.2]} Qxe4 {[%clk 0:07:10.2]} 29. Rfe1 {[%clk 0:02:32.5]} Qf5 {[%clk 0:06:29.9]} 30. Qf3 {[%clk 0:01:58.2]} Kf8 {[%clk 0:04:50.6]} 31. dxe6 {[%clk 0:01:57.8]} Rxd1 {[%clk 0:04:53.3]} 32. e7+ {[%clk 0:01:47.5]} Ke8 {[%clk 0:03:19.3]} 33. Qa8+ {[%clk 0:01:42.4]} Kd7 {[%clk 0:03:22.7]} 34. Qb7+ {[%clk 0:01:30.1]} Kd6 {[%clk 0:02:39.7]} 35. Rxd1+ {[%clk 0:01:29.4]} Kc5 {[%clk 0:00:28.6]} 36. Qc7+ {[%clk 0:01:08.5]} Kb4 {[%clk 0:00:30.8]} 37. Be1+ {[%clk 0:01:07.9]} Ka4 {[%clk 0:00:15.9]} 38. Qa5# {[%clk 0:01:13.6]} 1-0